| 000 | 00802nam a2200157 a 4500 | ||
|---|---|---|---|
| 008 | 210413s2017 xx |||||||||||||| || u | ||
| 050 | _aTWAS(05)NL/2017/29/4 | ||
| 110 | _aThe World Academy of Sciences (TWAS) | ||
| 245 | 1 | 0 |
_aTWAS newsletter: scaling the heights of science : the newsletter of the world academy of sciences. 2017-Volume 29- No4. _cBy The World of Academy of Sciences(TWAS) |
| 260 |
_a _bThe World Academy of Sciences (TWAS) _c2017 |
||
| 300 | _a24 pages : illustrations | ||
| 650 | _aRESEARCH--KUWAIT--PERIODICALS | ||
| 650 | _aSCIENCE AND TECHNOLOGY--PERIODICALS | ||
| 650 | _aSCIENCE--DEVELOPMENT COOPERATION--DEVELOPING COUNTRIES | ||
| 995 |
_FCBU-MAIN LIBRARY (Kitwe) _M1 _UAVAILABLE _WSep 15, 2021 _ZInternational Publications |
||
| 999 |
_c60517 _d60517 |
||